History Quiz

Random History or Decade Quiz

United States by Decade (1920s) Quiz Stats

 Plays Quiz Updated Apr 7, 2013

Score 0/22 Timer 04:00
0 Plays Today
Question Answer % Correct
All creation, sales, and transportations of this product were prohibitedAlcohol
96.8%
Nickname for the 1920s decadeRoaring Twenties
90.1%
Yankees sports star who personified the booming decadeBabe Ruth
87%
Southern African Americans begin composing this genre of musicjazz
84.9%
America sees a large resurrection in this supremacist groupKu Klux Klan
83.3%
Future 41st U.S. President is bornGeorge H. W. Bush
75.9%
F. Scott Fitzgerald's pessimistic novel on success in AmericaThe Great Gatsby
74.9%
Illegal bars during the ProhibitionSpeakeasies
73.9%
Stock market crashes on Oct. 29th, better known as...Black Tuesday
71.3%
Prohibition gave rise to criminal empires like this 'Scarface'Al Capone
68.3%
Common product made at home due to ProhibitionMoonshine
66.9%
Question Answer % Correct
Vice-president who took office following President Harding's deathCalvin Coolidge
64.6%
Organization created for global peace regulation and supported by Woodrow Wilson; precursor to United NationsLeague of Nations
64.5%
Famous trial testing in the tiny town of Dayton creationism vs. evolutionScopes Trial
57.2%
Charles Lindbergh completes the first solo transatlantic flight with this planeSpirit of St. Louis
55.9%
Growing group of women who rejected sexual normsFlappers
43.1%
Scandal in a Wyoming area regarding the Harding administration and oil companiesTeapot Dome Scandal
42.3%
Winner of the first Academy Award for Best PictureWings
24.1%
Heavyweight boxing champion who went on to own a Manhattan restaurant chainJack Dempsey
17.4%
Warren Harding's campaign promise for 'going back to the way things were'Return to Normalcy
16.7%
After the film 'It,' this sex symbol actress gains fame as the 'It-girl.'Clara Bow
15.8%
Pact calling for war to be used only as a tool in self-defenseKellogg-Briand Pact
6.9%

You're not logged in!

Compare scores with friends on all Sporcle quizzes.
OR
Log In

You Might Also Like...

Show Comments

Extras

Top Quizzes Today


Score Distribution

Your Account Isn't Verified!

In order to create a playlist on Sporcle, you need to verify the email address you used during registration. Go to your Sporcle Settings to finish the process.

Report this User

Report this user for behavior that violates our Community Guidelines.

Details: